000 00861nab a2200265 u 4500
001 21494
003 HDC
007 cr bn ---aaaaa
008 210309c mydr|nes 0 a eng d
040 _aHDC
100 _aSaadiah Ismail
_eauthor
_98767
245 0 _aMinuman penuhi cita rasa pengguna /
_cby Saadiah Ismail
260 _aMalaysia :
_bBERITA HARIAN,
_c2015
300 _a1pages
336 _atext
_2rdacontent
337 _acomputer
_2rdamedia
338 _aonline resource
_2rdacarrier
650 _abeverages industry
_918999
650 _asmall and medium enterprise
_98448
710 _aBERITA HARIAN
856 _zRequest full-text at [email protected]
942 _2lcc
942 _cNEWS
942 _kNWSC 010451
999 _c18810
_d18810